00561nam a22001937a 450000500170000000800410001702000180005804000210007604100080009708200160010510000260012124500810014725000120022826000340024030000100027465000300028470000250031470000280033920250826114957.0250826b |||||||| |||| 00| 0 eng d a9788198248671 aIN-DiNCcIN-DiNC dasm a327.11bGOH aGohain, Nabineauthor aGulokiyo rajniti (Major10)/cby Nabin Gohain, Pankaj Bora and Pranjit Saikia a1st ed. aJorhat:bBidya bhawan,c2025. a384p. aGlobal politics (Major10) aBora, Pankajeauthor aSaikia, Pranjiteauthor